World Cities by ABC - Statistics

General Stats
  • This quiz has been taken 98 times
  • The average score is 18 of 26
Answer Stats
Hint Answer % Correct
I - Biggest city in Turkey Istanbul
100%
E - Capital of Scotland, United Kingdom Edinburgh
97%
L - Capital of Peru Lima
97%
D - Hub city of Emirates airline Dubai
96%
Z - Largest city in Switzerland Zurich
96%
H - Second largest city in Germany Hamburg
95%
T - Most populous city in Canada Toronto
95%
W - Capital of New Zealand Wellington
94%
A - Second largest city in Belgium Antwerp
92%
J - Capital claimed by Israel and Palestine Jerusalem
92%
B - Third largest city in Australia Brisbane
91%
S - Biggest city in Australia Sydney
91%
K - Second largest city in Poland Krakow
90%
R - Capital of Morocco Rabat
86%
M - Third largest city in Sweden Malmö
76%
V - Capital of Liechtenstein Vaduz
73%
Y - Capital of Armenia Yerevan
65%
N - Capital city of the Pays de la Loire region, France Nantes
56%
G - Capital of Botswana Gaborone
53%
U - Capital of Mongolia Ulan Bator
45%
P - Capital of Cape Verde Praia
42%
C - Oldest university city in Portugal Coimbra
23%
O - City in Asturias, Spain Oviedo
22%
F - City in Santa Catarina, Brazil Florianópolis
15%
X - Shanghai in Portuguese language Xangai
9%
Q - Brazilian city meaning "burned" (plural) in portuguese Queimados
1%
No matching quizzes found
Score Distribution
Percent of People with Each Score
Percentile by Number Answered
Your Score History
You have not taken this quiz